Five Point Someone (Record no. 39735)

MARC details
000 -LEADER
fixed length control field 00417nam a2200181Ia 4500
008 - FIXED-LENGTH DATA ELEMENTS--GENERAL INFORMATION
fixed length control field 220531s9999 xx 000 0 und d
041 ## - LANGUAGE CODE
Language code of text/sound track or separate title eng
082 ## - DEWEY DECIMAL CLASSIFICATION NUMBER
Item number BHA
100 ## - MAIN ENTRY--PERSONAL NAME
Personal name Bhagat, C.
9 (RLIN) 71007
245 ## - TITLE STATEMENT
Title Five Point Someone
250 ## - EDITION STATEMENT
Edition statement 1ST
260 ## - PUBLICATION, DISTRIBUTION, ETC. (IMPRINT)
Place of publication, distribution, etc. New Delhi
Name of publisher, distributor, etc. Rupa Co,
Date of publication, distribution, etc. 2008
300 ## - PHYSICAL DESCRIPTION
Extent 267
542 ## - INFORMATION RELATING TO COPYRIGHT STATUS
Copyright holder 27-03-2015
650 ## - SUBJECT ADDED ENTRY--TOPICAL TERM
Topical term or geographic name as entry element General
9 (RLIN) 71008
906 ## - LOCAL DATA ELEMENT F, LDF (RLIN)
d 2014-2015
f 6285
Holdings
Withdrawn status Lost status Source of classification or shelving scheme Damaged status Not for loan Collection code Home library Current library Date acquired Vendor Cost, normal purchase price Total Checkouts Total Holds Full call number Barcode Date last seen Bill Date Koha item type Original Barcode
    Dewey Decimal Classification       Shri Siddhivinayak Mahila Mahavidyalaya Shri Siddhivinayak Mahila Mahavidyalaya 27/03/2015 S.S. Ganu 10.00   1 /BHA/B/25264 SSMM-BK-25264 06/08/2022 06/08/2022 Books 010025264